Detalles MARC
| 000 -CABECERA |
| Campo de control de longitud fija |
01328nam a2200373 4500 |
| 003 - IDENTIFICADOR DEL NÚMERO DE CONTROL |
| Campo de control |
OSt |
| 005 - FECHA Y HORA DE LA ÚLTIMA TRANSACCIÓN |
| Campo de control |
20220713091833.0 |
| 007 - CAMPO FIJO DE DESCRIPCIÓN FÍSICA |
| Campo de control de longitud fija |
Texto |
| 008 - CÓDIGOS DE INFORMACIÓN DE LONGITUD FIJA |
| Campo de control de longitud fija |
140513b xxu||||| |||| 00| 0 eng d |
| 020 ## - NÚMERO INTERNACIONAL NORMALIZADO PARA LIBROS (ISBN) |
| Número Internacional Normalizado para Libros (ISBN) |
9974776279 |
| 040 ## - FUENTE DE LA CATALOGACIÓN |
| Centro catalogador de origen |
BIESPA |
| Lengua de catalogación |
spa |
| Centro transcriptor |
BIESPA |
| 041 ## - CÓDIGO DE LENGUA |
| Código de lengua del texto/banda sonora o título independiente |
spa |
| Código de lengua original |
spa |
| 082 ## - NÚMERO DE LA CLASIFICACIÓN DECIMAL DEWEY |
| Número de edición |
21 |
| Número de clasificación |
464 |
| Número de documento |
B562po |
| 245 ## - MENCIÓN DE TÍTULO |
| Título |
Diccionario Polifuncional Sinónimos-Antónimos-Parónimos: |
| Resto del título |
Uso de la Lengua Española/ |
| 260 ## - PUBLICATION, DISTRIBUTION, ETC. (IMPRINT) |
| Lugar de publicación distribución etc. |
Montevideo, Argentina: |
| Nombre del editor distribuidor etc. |
Arquetipo Grupo Editorial, |
| Fecha de publicación distribución etc. |
2004, |
| 300 ## - DESCRIPCIÓN FÍSICA |
| Extensión |
880 páginas, |
| Dimensiones |
26 cm. |
| 440 ## - MENCIÓN DE SERIE/ASIENTO SECUNDARIO—TÍTULO [OBSOLETO] |
| Título |
Ejemplar No. 0023, Ubicación Diccionarios. |
| 500 ## - NOTA GENERAL |
| Nota general |
Escrito en el idoma español. Primera edición. |
| 650 ## - PUNTO DE ACCESO ADICIONAL DE MATERIA - TÉRMINO DE MATERIA |
| Fuente del encabezamiento o término |
Tesauros |
| Término de materia o nombre geográfico como elemento inicial |
Diccionario Polifuncional |
| Subdivisión de materia general |
Sinónimos-Antónimos-Parónimos |
|
| Fuente del encabezamiento o término |
Tesauros |
| Término de materia o nombre geográfico como elemento inicial |
Vocabulario Plurilingue |
|
| Fuente del encabezamiento o término |
Tesauros |
| Término de materia o nombre geográfico como elemento inicial |
Etimologías |
|
| Fuente del encabezamiento o término |
Tesauros |
| Término de materia o nombre geográfico como elemento inicial |
Linguistica |
|
| Fuente del encabezamiento o término |
Tesauros |
| Término de materia o nombre geográfico como elemento inicial |
Voces Latinas |
| Subdivisión de materia general |
Extranjeras |
|
| Fuente del encabezamiento o término |
Tesauros |
| Término de materia o nombre geográfico como elemento inicial |
Dudas del Idioma |
|
| Fuente del encabezamiento o término |
Tesauros |
| Término de materia o nombre geográfico como elemento inicial |
Gramática |
|
| Fuente del encabezamiento o término |
Tesauros |
| Término de materia o nombre geográfico como elemento inicial |
Ortografía |
| Subdivisión de materia general |
Silabeo |
|
| Fuente del encabezamiento o término |
Tesauros |
| Término de materia o nombre geográfico como elemento inicial |
Frases Celebres |
|
| Fuente del encabezamiento o término |
Tesauros |
| Término de materia o nombre geográfico como elemento inicial |
Discursos |
| 700 ## - PUNTO DE ACCESO ADICIONAL - NOMBRE DE PERSONA |
| Nombre de persona |
Luis Alberto Barone |
| Término indicativo de función |
Director General |
|
| Nombre de persona |
Alejandro Marcelo |
| Término indicativo de función |
Redacción |
|
| Nombre de persona |
Ursula Aurelia Buano |
| Término indicativo de función |
Editor (et..al.) |
|
| Nombre de persona |
Ariela Kreiner |
| Término indicativo de función |
Coordinadora |
| 942 ## - ENTRADA PARA ELEMENTOS AGREGADOS (KOHA) |
| Fuente de clasificación o esquema de ordenación en estanterías |
Dewey Decimal Classification |
| Koha [por defecto] tipo de item |
Books |